Základy lomové mechaniky plastů
Uložené v:
| Hlavný autor: | |
|---|---|
| Ďalší autori: | |
| Médium: | Program Kniha |
| Jazyk: | English |
| Vydavateľské údaje: |
Brno
Vysoké učení technické
2007
|
| Vydanie: | 1. vyd. |
| Predmet: | |
| On-line prístup: | View in OPAC |
| Tagy: |
Žiadne tagy, Buďte prvý, kto otaguje tento záznam!
|
MARC
| LEADER | 00000nam a2200000 a 4500 | ||
|---|---|---|---|
| 005 | 20260127134149.0 | ||
| 007 | co ugu | ||
| 008 | 081125 000 0 eng d | ||
| 020 | |a 9788021434530 | ||
| 035 | |a vtls009449086 | ||
| 039 | 9 | |a 201106030721 |b masnk01 |c 200811251122 |d mschk03 |c 200811251120 |d mschk03 |y 200811251116 |z mschk03 | |
| 040 | |a STUSCHK1 |b slo |c STUSCHK1 |e AACR2 | ||
| 080 | |a 620.1 |2 MRF-sel | ||
| 080 | |a 678 |2 MRF-sel | ||
| 100 | 1 | |a Jančár, Josef | |
| 245 | 1 | |a Základy lomové mechaniky plastů |h [elektronický zdroj] |c Josef Jančář, Eva Nezbedová | |
| 250 | |a 1. vyd. | ||
| 260 | |a Brno |b Vysoké učení technické |c 2007 | ||
| 300 | |a 1 elektronický optický disk (CD-ROM) | ||
| 650 | 0 | |a nauka o materiálu | |
| 650 | 0 | |a lomová mechanika |x plasty | |
| 700 | 1 | |a Nezbedová, Eva, |d 1944- |9 1165 | |
| 910 | |a SCHK95 | ||
| 919 | |a 978-80-214-3453-0 | ||
| 999 | |c 5587 |d 5587 | ||